| 000 | 00996nam0a22002771 4500 | ||
|---|---|---|---|
| 001 | rc\820689 | ||
| 005 | 20041129091456.6 | ||
| 035 | _a(NLR Aleph) 006003380 | ||
| 090 |
_a7252273 _c7252273 |
||
| 100 | _a20041129d1984 u |0rusy50 ca | ||
| 101 | 0 | _arus | |
| 102 | _aRU | ||
| 105 | _aa ||||||||| | ||
| 200 | 1 |
_aО монохроматизации пучков заряженных частиц лазерным излучением _fЛ.А. Большов, А.М. Дыхне, В.А. Росляков |
|
| 210 |
_aМ. _cИАЭ _d1984 |
||
| 215 |
_a15 с. _cграф. _d20 |
||
| 225 | 1 |
_aПрепринт _fИн-т атом. энергии им. И.В. Курчатова _vИАЭ-3940/1 |
|
| 320 | _aБиблиогр.: с. 14-15 | ||
| 700 | 1 |
_aБольшов _bЛ. А. _gЛеонид Авраамович |
|
| 701 | 1 |
_aДыхне _bА. М. |
|
| 701 | 1 |
_aРосляков _bВ. А. |
|
| 801 | 0 |
_aRU _bNLR _gpsbo |
|
| 801 | 1 |
_aRU _bELAR _2rusmarc |
|
| 852 |
_aNLR _j84-6/4700 |
||
| 942 | _cBOOK | ||
| 980 | _aNB | ||